| 000 | 00906nam a2200241 4500 | ||
|---|---|---|---|
| 001 | 145072 | ||
| 003 | ES-MaACL | ||
| 005 | 20250801090233.0 | ||
| 007 | t| | ||
| 008 | 070214s1973 sp r ||||1| spa d | ||
| 020 | _a84-265-7142-5 | ||
| 080 | _a821.134.2-32"19" | ||
| 100 | 1 |
_aSoto, Vicente. _9107503 |
|
| 245 | 1 | 0 |
_aCasicuentos de Londres : _bseis sobre gentes de aquí y de allá, y tres sobre españoles / _cVicente Soto ; presentación de Dámaso Santos. |
| 260 |
_aMadrid : _bMagisterio Español, _c1973. |
||
| 300 |
_a235 p., 1 lám. ; _c18 cm. |
||
| 490 | 1 |
_aNovelas y cuentos ; _v139. Literatura española. Narraciones siglo XX |
|
| 586 | _aPremio "Novelas y cuentos" 1973 | ||
| 700 | 1 |
_aSantos, Dámaso, _d1918-2000 _9103466 |
|
| 830 | 1 | 0 |
_aNovelas y cuentos _v139. Literatura española. Narraciones siglo XX _9179596 |
| 852 |
_aES-MaACL _jE-5041 |
||
| 999 |
_c145072 _d145072 |
||